Missing Word: Working from 'Home' Quiz Stats

 Plays Quiz Updated Jan 26, 2021

Support Sporcle.
Go Orange.
Score 0/16 Timer 03:00
0 Plays Today
Hint Missing Word % Correct
Work ___ homeFrom/At
96.2%
'There's no ___ like home'Place
94.8%
___-at-Home parentStay
93.4%
Home ___Work
92.4%
Home ___Alone
91%
Home ___ homeSweet
85.4%
Home ___School
84.7%
Home ___Run
82.7%
Hint Missing Word % Correct
Home ___Office
79.7%
Home ___Page
76.3%
Home ___Depot
73.5%
___ homeVacation
71.6%
Home ___Town
71.4%
___ homeMotor
70.9%
___: Far from HomeSpider-Man
46.1%
___, I'm Coming HomeMama
31.5%

Today's Daily Dose

You're not logged in!

Compare scores with friends on all Sporcle quizzes.
OR
Log In

From the Vault

Not the Obvious: Rock & Roll Edition

by Senor_Borracho

Rock & Roll never wants to do something obvious, it's all about the unexpected.
Remove Ads.
Support Sporcle.
Get the best of Sporcle when you Go Orange. This ad-free experience offers more features, more stats, and more fun while also helping to support Sporcle. Thank you for becoming a member.

Show Comments

Extras

Top Quizzes Today


Score Distribution

Your Account Isn't Verified!

In order to create a playlist on Sporcle, you need to verify the email address you used during registration. Go to your Sporcle Settings to finish the process.

Report this User

Report this user for behavior that violates our Community Guidelines.

Details: